00000000nam##2200000za#4500
0019.668012
003CaOODSP
00520220505163029
007co |||||||||||
008150407|2006||||xxc    |q  d f### # fre|d
020 |a0-662-49560-8
040 |aCaOODSP|bfre
041 |aeng
041 |afre
043 |an-cn---
0861 |aHP5-21/1-2006-MRC
1102 |aAgence de santé publique du Canada.
24510|aAperçu de mesures et d'interventions d'urgence |h[ressource électronique]
260 |aOttawa - Ontario : |bAgence de santé publique du Canada |c2006.
300 |a1 disque.
5203 |aCe guide de référence décrit le rôle et les activités du Centre de mesures et d’interventions d’urgence (CMIU) de l’Agence de santé publique du Canada, qui a pour mandat de contribuer au maintien de la sécurité sanitaire des Canadiens. Le guide décrit les principaux secteurs à l’appui de ce mandat : orientation stratégique et coordination; services de gestion et d’administration; sécurité des laboratoires; sécurité de la santé publique; intervention d’urgence; et planification et mesures d’urgence. Préparé à l’intention des clients, des partenaires et des intervenants.
590 |a07-10|b2007-03-09
69107|aProtection civile|2gcpds
7760#|tAgence de santé publique du Canada |w(CaOODSP)9.633327
7760#|tPublic Health Agency of Canada : |w(CaOODSP)9.668009
7760#|tPublic Health Agency of Canada |w(CaOODSP)9.688907
791 |tOverview of emergency preparedness and response |eeng|w(CaOODSP)9.668011